The 500 Hats of Bartholomew Cubbins (Record no. 11743)

MARC details
000 -LEADER
fixed length control field 00238nam a22000857a 4500
008 - FIXED-LENGTH DATA ELEMENTS--GENERAL INFORMATION
fixed length control field 200113b ||||| |||| 00| 0 eng d
100 ## - MAIN ENTRY--PERSONAL NAME
Personal name Seuss,Dr
9 (RLIN) 1474
245 ## - TITLE STATEMENT
Title The 500 Hats of Bartholomew Cubbins
260 ## - PUBLICATION, DISTRIBUTION, ETC. (IMPRINT)
Place of publication, distribution, etc. New York
Name of publisher, distributor, etc. Vanguard Press
Date of publication, distribution, etc. 1938
Holdings
Withdrawn status Lost status Source of classification or shelving scheme Damaged status Koha normalized classification for sorting Not for loan Home library Current library Shelving location Date acquired Total Checkouts Full call number Barcode Date last seen Price effective from Koha item type
    Dewey Decimal Classification   823_000000000000000_JUNLIB   Good Samaritan School Library Good Samaritan School Library FICTION 01/13/2020   823 JUNLIB SEU15827 01/13/2020 01/13/2020 BOOK

Powered by Koha